[Event "aut_ychg12_2008"]
[Site "Wien - JGH Brigittenau"]
[Date "2008.05.10"]
[Round "1.1"]
[White "Strafinger, Elisabeth"]
[Black "Schnegg, Anna-Lena"]
[Result "1/2-1/2"]
[WhiteElo "1418"]
[BlackElo "1561"]
[PlyCount "22"]
[EventDate "2008.05.10"]

1. e4 c5 2. c3 g6 3. d4 cxd4 4. cxd4 Bg7 5. Nf3 d6 6. h3 Nc6 7. Nc3 Bd7 8. Bc4
Rc8 9. Bb3 Nf6 10. Ng5 O-O 11. O-O h6 1/2-1/2

[Event "aut_ychg12_2008"]
[Site "Wien - JGH Brigittenau"]
[Date "2008.05.10"]
[Round "1.2"]
[White "Hiebler, Laura"]
[Black "Dalnodar, Martina"]
[Result "1-0"]
[WhiteElo "1545"]
[BlackElo "1402"]
[PlyCount "103"]
[EventDate "2008.05.10"]

1. e4 e5 2. Nf3 Nc6 3. d4 f5 4. exf5 exd4 5. Nxd4 Nxd4 6. Qxd4 Qe7+ 7. Qe3 d5
8. Qxe7+ Nxe7 9. Bd3 Bxf5 10. Bxf5 Nxf5 11. Nc3 Bb4 12. Bd2 d4 13. Nb5 Bxd2+
14. Kxd2 Rc8 15. Nxa7 Rd8 16. Nb5 O-O 17. Nxc7 Rf7 18. Nb5 Rd5 19. a4 Re7 20.
Rhe1 b6 21. Rxe7 Nxe7 22. Re1 Rd7 23. Kd3 h6 24. Nxd4 Nf5 25. c3 Kh7 26. Kc4
Rc7+ 27. Kb5 Rc5+ 28. Kb4 Nxd4 29. cxd4 Rf5 30. f3 Rd5 31. Kc4 Rd6 32. b4 Rc6+
33. Kd5 Rc8 34. g4 Rd8+ 35. Kc4 Rf8 36. Re3 g6 37. d5 Rf4+ 38. Kb5 Rd4 39. Re5
g5 40. Kxb6 Rxb4+ 41. Kc7 Rxa4 42. d6 Ra8 43. d7 Rg8 44. Re8 Rg7 45. Kc8 Rg8
46. Rxg8 Kxg8 47. d8=Q+ Kg7 48. Kd7 Kg6 49. Ke6 Kh7 50. Kf7 h5 51. Qg8+ Kh6 52.
Qg6# 1-0

[Event "aut_ychg12_2008"]
[Site "Wien - JGH Brigittenau"]
[Date "2008.05.10"]
[Round "1.3"]
[White "Hoelzl, Sarah"]
[Black "Roeck, Vanessa"]
[Result "1-0"]
[WhiteElo "1397"]
[BlackElo "1511"]
[PlyCount "47"]
[EventDate "2008.05.10"]

1. d4 d5 2. c4 c6 3. Nc3 Nf6 4. Nf3 e6 5. Qc2 Nbd7 6. Bg5 Be7 7. e4 b6 8. e5
Ng4 9. Qd2 Bxg5 10. Qxg5 Qxg5 11. Nxg5 f6 12. Nxe6 Kf7 13. Nc7 Rb8 14. cxd5
cxd5 15. e6+ Kg6 16. exd7 Bxd7 17. N7xd5 Rbe8+ 18. Be2 Bc6 19. h3 Nh6 20. O-O
Bxd5 21. Bd3+ Kf7 22. Nxd5 Rd8 23. Bc4 Rhe8 24. Nc7+ 1-0

[Event "aut_ychg12_2008"]
[Site "Wien - JGH Brigittenau"]
[Date "2008.05.10"]
[Round "1.4"]
[White "Kogler, Alexandra"]
[Black "Weyringer, Laura"]
[Result "1-0"]
[WhiteElo "1494"]
[BlackElo "1373"]
[PlyCount "39"]
[EventDate "2008.05.10"]

1. d4 d5 2. c4 e6 3. Nc3 Nf6 4. Bg5 Be7 5. e3 b6 6. Nf3 Nbd7 7. Rc1 Bb7 8. Bd3
O-O 9. O-O Ne4 10. Bxe7 Qxe7 11. cxd5 exd5 12. Bxe4 dxe4 13. Nd2 c5 14. dxc5
bxc5 15. Qc2 Rfe8 16. Rfd1 Rad8 17. Nc4 Nf6 18. h3 Ba6 19. Nd2 Bd3 20. Qa4 {
Hier geschah der ummögliche Zug LxS!} 1-0

[Event "aut_ychg12_2008"]
[Site "Wien - JGH Brigittenau"]
[Date "2008.05.10"]
[Round "1.5"]
[White "Krassnitzer, Maria"]
[Black "Zoehrer, Sarah"]
[Result "0-1"]
[WhiteElo "1371"]
[BlackElo "1487"]
[PlyCount "96"]
[EventDate "2008.05.10"]

1. e4 e6 2. d4 d5 3. e5 c5 4. Nf3 Nc6 5. c3 Qb6 6. Be3 Qxb2 7. Nbd2 Qxc3 8. Rc1
Qa5 9. a4 c4 10. Be2 Bb4 11. O-O Nge7 12. Nb1 Nf5 13. Bd2 Bxd2 14. Nbxd2 Ncxd4
15. Nxd4 Nxd4 16. Nxc4 Nxe2+ 17. Kh1 dxc4 18. Qxe2 O-O 19. Rxc4 Qa6 20. Rfc1
Rd8 21. Qc2 h6 22. h3 b6 23. Qe4 Qb7 24. Qf4 Qd5 25. Rc7 Bd7 26. R1c3 Rac8 27.
Qh4 Qxe5 28. Rxd7 Qxc3 29. Rxd8+ Rxd8 30. Qxd8+ Kh7 31. Qe7 Qe1+ 32. Kh2 Qxf2
33. Qxa7 e5 34. Qe7 Qf4+ 35. Kh1 e4 36. Qb4 Qc1+ 37. Kh2 e3 38. Qf4 Qc3 39. Qg3
f6 40. h4 Qd4 41. h5 Qe4 42. Qe1 Qf4+ 43. Kg1 f5 44. g3 Qd4 45. Kg2 Qd2+ 46.
Qf2 Qxf2+ 47. Kh3 e2 48. a5 e1=Q 0-1

[Event "aut_ychg12_2008"]
[Site "Wien - JGH Brigittenau"]
[Date "2008.05.10"]
[Round "1.6"]
[White "Berger, Lisa"]
[Black "Auer, Christine"]
[Result "1-0"]
[WhiteElo "1467"]
[BlackElo "1212"]
[PlyCount "53"]
[EventDate "2008.05.10"]

1. d4 d5 2. c4 e6 3. Nc3 Nf6 4. Nf3 Nc6 5. e3 Bd6 6. Bd2 O-O 7. Be2 Bd7 8. O-O
Re8 9. Re1 Na5 10. b3 a6 11. Qc2 b5 12. cxb5 axb5 13. Nxb5 Bxb5 14. Bxb5 Re7
15. b4 Nb7 16. Bc6 Rb8 17. a4 Ne4 18. a5 Nxd2 19. Qxd2 Qc8 20. Reb1 Nd8 21. b5
Nxc6 22. bxc6 Rxb1+ 23. Rxb1 Qa6 24. Rb8+ Re8 25. Rxe8+ Bf8 26. Qb4 g6 27.
Qxf8# 1-0

[Event "aut_ychg12_2008"]
[Site "Wien - JGH Brigittenau"]
[Date "2008.05.10"]
[Round "1.7"]
[White "Sprinzl, Annika"]
[Black "Trenkwalder, Verena"]
[Result "0-1"]
[WhiteElo "1200"]
[BlackElo "1437"]
[PlyCount "82"]
[EventDate "2008.05.10"]

1. e4 c5 2. Nf3 d6 3. Nc3 Nf6 4. Bb5+ Nc6 5. O-O g6 6. d3 Bg7 7. h3 O-O 8. Re1
Bd7 9. Bg5 a6 10. Ba4 b5 11. Bb3 Re8 12. Bh4 Nh5 13. Ng5 Rf8 14. Bd5 Nf6 15.
Bxf7+ Rxf7 16. Nxf7 Kxf7 17. b3 Kg8 18. a4 Ne8 19. axb5 Bxc3 20. Qf3 Bxe1 21.
Rxe1 axb5 22. Bg5 Kg7 23. Qf4 Nf6 24. Qh4 Nh5 25. c4 bxc4 26. dxc4 Qa5 27. Kf1
Qd8 28. Rb1 Qf8 29. g4 Qf3 30. gxh5 Qh1+ 31. Ke2 Qxb1 32. h6+ Kh8 33. Qf4 Ra2+
34. Kf3 Qxb3+ 35. Kg2 Qxh3+ 36. Kg1 Ra1+ 37. Qc1 Rxc1+ 38. Bxc1 Bg4 39. f4 Bf3
40. Kf2 Qg2+ 41. Ke3 Qe2# 0-1

[Event "aut_ychg12_2008"]
[Site "Wien - JGH Brigittenau"]
[Date "2008.05.10"]
[Round "2.1"]
[White "Trenkwalder, Verena"]
[Black "Hiebler, Laura"]
[Result "0-1"]
[WhiteElo "1437"]
[BlackElo "1545"]
[PlyCount "82"]
[EventDate "2008.05.10"]

1. e4 e5 2. Nf3 Nc6 3. Bb5 a6 4. Ba4 Nf6 5. O-O Bc5 6. Re1 b5 7. Bb3 O-O 8. c3
d6 9. h3 Re8 10. d3 d5 11. exd5 Nxd5 12. d4 Bb6 13. dxe5 Be6 14. c4 Ndb4 15. a3
Nd3 16. Rf1 Ndxe5 17. cxb5 Qxd1 18. Rxd1 Nxf3+ 19. gxf3 Bxb3 20. Rd3 Na5 21.
Nd2 Be6 22. Kg2 axb5 23. b4 Nc4 24. Ne4 Bf5 25. Bg5 Bxe4 26. fxe4 Rxe4 27. Rad1
h6 28. Be3 Nxe3+ 29. fxe3 Rxe3 30. Rxe3 Bxe3 31. Ra1 Bd4 32. Ra2 Re8 33. h4 c5
34. Kh2 cxb4 35. axb4 Re4 36. Kh3 Bf6 37. Ra8+ Kh7 38. Kg3 Rxh4 39. Ra2 Rxb4
40. Rf2 Bh4+ 41. Kg2 Bxf2 0-1

[Event "aut_ychg12_2008"]
[Site "Wien - JGH Brigittenau"]
[Date "2008.05.10"]
[Round "2.2"]
[White "Toldo, Theresa"]
[Black "Kogler, Alexandra"]
[Result "0-1"]
[WhiteElo "1422"]
[BlackElo "1494"]
[PlyCount "146"]
[EventDate "2008.05.10"]

1. c4 Nf6 2. Nc3 e5 3. g3 Nc6 4. Bg2 Bc5 5. d3 d6 6. Nf3 O-O 7. O-O h6 8. a3
Be6 9. b4 Bd4 10. Bb2 Bxc3 11. Bxc3 a6 12. Qc2 Qd7 13. a4 Ne7 14. Rab1 b5 15.
axb5 axb5 16. Nxe5 dxe5 17. Bxa8 Rxa8 18. Rfd1 bxc4 19. dxc4 Qc8 20. Bxe5 Bh3
21. Rd2 Qb7 22. f3 Ng4 23. Qe4 Qxe4 24. fxe4 Nxe5 25. c5 Ng4 26. Rd7 Ng6 27.
Rxc7 Re8 28. b5 Rxe4 29. b6 Rxe2 30. b7 Rg2+ 31. Kf1 Ne3+ 32. Ke1 Rg1+ 33. Kf2
Rxb1 34. Kxe3 Kh7 35. c6 Bg2 36. Rc8 Bxc6 37. b8=Q Rxb8 38. Rxb8 Ne7 39. Kd4 f6
40. Kc5 Bg2 41. Kd6 Nf5+ 42. Ke6 Nd4+ 43. Kf7 Nf3 44. h4 Ne5+ 45. Ke6 Bh3+ 46.
Kd5 Bg2+ 47. Kd6 g5 48. hxg5 hxg5 49. Rf8 Kg7 50. Re8 Bc6 51. Re7+ Kg6 52. Ke6
Bd7+ 53. Kd6 Bg4 54. Re8 Kf7 55. Re7+ Kg6 56. Re8 Bd1 57. Rg8+ Kf5 58. Rf8 Ng6
59. Rg8 Bb3 60. Rg7 Ne5 61. Ke7 Ng4 62. Rh7 Ke4 63. Rh3 Kf3 64. Kf8 Kg2 65. Rh7
Kxg3 66. Kg7 f5 67. Kg6 f4 68. Kxg5 f3 69. Rh1 f2 70. Kh5 Kg2 71. Rc1 Ne3 72.
Kg5 Bd1 73. Kf4 f1=Q+ 0-1

[Event "aut_ychg12_2008"]
[Site "Wien - JGH Brigittenau"]
[Date "2008.05.10"]
[Round "2.3"]
[White "Zoehrer, Sarah"]
[Black "Berger, Lisa"]
[Result "1-0"]
[WhiteElo "1487"]
[BlackElo "1467"]
[PlyCount "95"]
[EventDate "2008.05.10"]

1. e4 e5 2. Nf3 Nc6 3. Bc4 d6 4. c3 Nf6 5. Ng5 d5 6. exd5 Nxd5 7. d3 f6 8. Ne4
Be6 9. Qb3 Rb8 10. Be3 a6 11. Nbd2 b5 12. Bxd5 Bxd5 13. Qc2 f5 14. c4 bxc4 15.
dxc4 Bf7 16. Bg5 Be7 17. Bxe7 Nxe7 18. Nc5 Qd6 19. Qa4+ Qc6 20. Qxc6+ Nxc6 21.
Nxa6 Rb7 22. b3 O-O 23. Nc5 Ra7 24. O-O Rd8 25. Rfd1 Raa8 26. a4 f4 27. Nf3
Rxd1+ 28. Rxd1 Bg6 29. Rd7 Ra7 30. Ne6 Bf7 31. Nfg5 Bxe6 32. Nxe6 g6 33. Rg7+
Kh8 34. Rxc7 Rxc7 35. Nxc7 Kg7 36. Nd5 Kf7 37. f3 Ke6 38. Kf2 Kd6 39. b4 Nd4
40. a5 Kc6 41. a6 g5 42. b5+ Kd7 43. a7 Ke6 44. a8=Q Kf5 45. Qf8+ Ke6 46. Qf6+
Kd7 47. Qe7+ Kc8 48. Qc7# 1-0

[Event "aut_ychg12_2008"]
[Site "Wien - JGH Brigittenau"]
[Date "2008.05.10"]
[Round "2.4"]
[White "Schnegg, Anna-Lena"]
[Black "Hoelzl, Sarah"]
[Result "1-0"]
[WhiteElo "1561"]
[BlackElo "1397"]
[PlyCount "95"]
[EventDate "2008.05.10"]

1. e4 c5 2. Nc3 Nc6 3. g3 Nf6 4. Bg2 e6 5. Nf3 d5 6. exd5 Nxd5 7. Nxd5 exd5 8.
O-O Bg4 9. h3 Bxf3 10. Qxf3 d4 11. c3 Qd7 12. b3 Be7 13. Bb2 O-O 14. Rfe1 Rfe8
15. h4 Bf6 16. Qd5 Qxd5 17. Bxd5 Rad8 18. Kf1 h6 19. Bxc6 bxc6 20. Rxe8+ Rxe8
21. Re1 Kf8 22. Rxe8+ Kxe8 23. Ke2 Ke7 24. Kd3 dxc3 25. Bxc3 Bxc3 26. Kxc3 Kd6
27. Kc4 a5 28. a3 f6 29. f4 g5 30. fxg5 fxg5 31. hxg5 hxg5 32. d3 Kd7 33. Kxc5
Kc7 34. b4 axb4 35. axb4 Kb7 36. b5 cxb5 37. Kxb5 Kc7 38. Kc5 Kd7 39. Kd5 Ke7
40. Kc6 Ke6 41. d4 Ke7 42. Kd5 Kf6 43. Kd6 Kf7 44. Ke5 Ke7 45. d5 Kd7 46. Kf5
Kd6 47. Kxg5 Kxd5 48. Kf6 1-0

[Event "aut_ychg12_2008"]
[Site "Wien - JGH Brigittenau"]
[Date "2008.05.10"]
[Round "2.5"]
[White "Roeck, Vanessa"]
[Black "Strafinger, Elisabeth"]
[Result "1/2-1/2"]
[WhiteElo "1511"]
[BlackElo "1418"]
[PlyCount "35"]
[EventDate "2008.05.10"]

1. e4 e6 2. d4 d5 3. exd5 exd5 4. Bd3 Nf6 5. h3 Be7 6. Qf3 h6 7. Ne2 Nc6 8. O-O
O-O 9. Qg3 Nh5 10. Qf3 Nf6 11. c3 Re8 12. Be3 Be6 13. Nf4 Rf8 14. Nxe6 fxe6 15.
Qg3 Kh8 16. Nd2 Qe8 17. Nf3 Bd6 18. Qg6 1/2-1/2

[Event "aut_ychg12_2008"]
[Site "Wien - JGH Brigittenau"]
[Date "2008.05.10"]
[Round "2.6"]
[White "Dalnodar, Martina"]
[Black "Sprinzl, Annika"]
[Result "1-0"]
[WhiteElo "1402"]
[BlackElo "1200"]
[PlyCount "69"]
[EventDate "2008.05.10"]

1. d4 d5 2. Nf3 Bg4 3. Bf4 Nf6 4. e3 a6 5. c4 e6 6. Nc3 Bb4 7. a3 Ba5 8. b4 Bb6
9. Be2 O-O 10. O-O Re8 11. Ne5 Nbd7 12. Nxg4 Nxg4 13. Bxg4 a5 14. b5 Nf6 15.
Qf3 c6 16. Bh5 dxc4 17. Ne4 Bc7 18. Nxf6+ Qxf6 19. Bxc7 Qxf3 20. Bxf3 Re7 21.
Be5 Rc8 22. a4 f6 23. Bd6 Rd7 24. Bg3 cxb5 25. axb5 b6 26. Rac1 c3 27. Bc6 Ra7
28. Rxc3 a4 29. Bd6 Rd8 30. Bc7 Rxc7 31. Ra1 e5 32. Bd5+ Kf8 33. Rxc7 Rxd5 34.
Rxa4 Rxb5 35. Ra8# 1-0

[Event "aut_ychg12_2008"]
[Site "Wien - JGH Brigittenau"]
[Date "2008.05.10"]
[Round "2.8"]
[White "Auer, Christine"]
[Black "Krassnitzer, Maria"]
[Result "0-1"]
[WhiteElo "1212"]
[BlackElo "1371"]
[PlyCount "48"]
[EventDate "2008.05.10"]

1. e4 e5 2. Nf3 Nf6 3. Nc3 Nc6 4. Bc4 Nxe4 5. Nxe4 d5 6. Bd3 dxe4 7. Bxe4 Bg4
8. h3 Bh5 9. d3 Bc5 10. Be3 Bd6 11. Qd2 O-O 12. Ng5 Qd7 13. Bxh7+ Kh8 14. g4
Bg6 15. Bxg6 fxg6 16. Rf1 Nb4 17. O-O-O Nxa2+ 18. Kb1 Qa4 19. b3 Qa3 20. h4 Nb4
21. c3 Qxb3+ 22. Kc1 Na2+ 23. Qxa2 Qxa2 24. Ne4 Ba3# 0-1

[Event "aut_ychg12_2008"]
[Site "Wien - JGH Brigittenau"]
[Date "2008.05.11"]
[Round "3.1"]
[White "Hiebler, Laura"]
[Black "Zoehrer, Sarah"]
[Result "0-1"]
[WhiteElo "1545"]
[BlackElo "1487"]
[PlyCount "96"]
[EventDate "2008.05.10"]

1. e4 e6 2. d4 d5 3. e5 c5 4. c3 Nc6 5. Nf3 Qb6 6. b3 Nge7 7. Be3 Nf5 8. Be2
Be7 9. O-O O-O 10. Re1 Bd7 11. Qd2 cxd4 12. Nxd4 Nxe3 13. fxe3 Nxe5 14. Nf3
Nxf3+ 15. Bxf3 Bg5 16. Qd4 Qxd4 17. exd4 Rac8 18. a4 a6 19. Ra2 b5 20. axb5
Bxb5 21. Be2 Ra8 22. Na3 Bxe2 23. Rexe2 Rfb8 24. b4 Rc8 25. Rec2 f6 26. Nb1 e5
27. dxe5 fxe5 28. Re2 e4 29. Rac2 Rab8 30. Nd2 Bf6 31. Nb1 a5 32. Rcd2 axb4 33.
cxb4 Rxb4 34. Na3 Bd4+ 35. Kf1 Rc1+ 36. Re1 Rxe1+ 37. Kxe1 Bc3 38. Kd1 Bxd2 39.
Kxd2 d4 40. Nc2 Rb2 41. Kd1 d3 42. Ne3 Kf7 43. Kc1 Re2 44. Nf5 e3 45. Nxe3 Rxe3
46. Kd2 Re6 47. Kxd3 Kf6 48. g4 Kg5 0-1

[Event "aut_ychg12_2008"]
[Site "Wien - JGH Brigittenau"]
[Date "2008.05.11"]
[Round "3.2"]
[White "Kogler, Alexandra"]
[Black "Schnegg, Anna-Lena"]
[Result "0-1"]
[WhiteElo "1494"]
[BlackElo "1561"]
[PlyCount "56"]
[EventDate "2008.05.10"]

1. d4 Nf6 2. c4 g6 3. Nc3 Bg7 4. Nf3 O-O 5. e4 d6 6. Bd3 e5 7. d5 a5 8. O-O Na6
9. Be3 Ng4 10. Bg5 f6 11. Bd2 Nc5 12. Bc2 f5 13. h3 Nf6 14. exf5 gxf5 15. Bg5
Kh8 16. Nb5 Rg8 17. Rc1 Qd7 18. a3 Nfe4 19. Bxe4 Nxe4 20. Re1 Nxg5 21. Nxg5 Bh6
22. h4 Bxg5 23. hxg5 Rxg5 24. a4 f4 25. c5 Qh3 26. Kf1 Qxg2+ 27. Ke2 Bg4+ 28.
Kd3 Bxd1 0-1

[Event "aut_ychg12_2008"]
[Site "Wien - JGH Brigittenau"]
[Date "2008.05.11"]
[Round "3.3"]
[White "Berger, Lisa"]
[Black "Dalnodar, Martina"]
[Result "1-0"]
[WhiteElo "1467"]
[BlackElo "1402"]
[PlyCount "61"]
[EventDate "2008.05.10"]

1. d4 d5 2. c4 c6 3. Nc3 Nf6 4. Nf3 e6 5. e3 Nbd7 6. Bd2 Bd6 7. Bd3 dxc4 8.
Bxc4 b5 9. Bd3 a6 10. e4 Bb7 11. e5 Bb4 12. exf6 Qxf6 13. a3 Bd6 14. Ne4 Qe7
15. Nxd6+ Qxd6 16. O-O c5 17. Be3 O-O 18. dxc5 Nxc5 19. Be2 Qc6 20. Rc1 Rfd8
21. Qc2 Rd5 22. Bxc5 Rxc5 23. Qxc5 Rc8 24. Qxc6 Bxc6 25. a4 b4 26. Bb5 axb5 27.
axb5 Bd7 28. Rxc8+ Bxc8 29. Rd1 g6 30. Rd8+ Kg7 31. Rxc8 1-0

[Event "aut_ychg12_2008"]
[Site "Wien - JGH Brigittenau"]
[Date "2008.05.11"]
[Round "3.4"]
[White "Hoelzl, Sarah"]
[Black "Trenkwalder, Verena"]
[Result "1/2-1/2"]
[WhiteElo "1397"]
[BlackElo "1437"]
[PlyCount "43"]
[EventDate "2008.05.10"]

1. d4 Nf6 2. c4 c5 3. d5 e6 4. dxe6 fxe6 5. Nc3 d5 6. Bg5 d4 7. Nb5 a6 8. Na3
Be7 9. Nf3 O-O 10. Nc2 Nc6 11. e3 e5 12. Qd2 dxe3 13. Qxd8 Rxd8 14. Nxe3 Bg4
15. Be2 e4 16. Nd2 Bxe2 17. Kxe2 Re8 18. Bxf6 Bxf6 19. Rab1 Nd4+ 20. Ke1 b5 21.
Nd5 Rad8 22. Nc3 1/2-1/2

[Event "aut_ychg12_2008"]
[Site "Wien - JGH Brigittenau"]
[Date "2008.05.11"]
[Round "3.5"]
[White "Weyringer, Laura"]
[Black "Toldo, Theresa"]
[Result "0-1"]
[WhiteElo "1373"]
[BlackElo "1422"]
[PlyCount "74"]
[EventDate "2008.05.10"]

1. e4 e5 2. Nf3 Nc6 3. Bc4 Nf6 4. Ng5 d5 5. exd5 Ne7 6. d6 Ned5 7. Nc3 Be6 8.
Qf3 e4 9. Ncxe4 Nxe4 10. Nxe6 fxe6 11. Qxe4 Qxd6 12. d3 O-O-O 13. Bb3 g6 14.
Qd4 Rg8 15. Qxa7 Qe5+ 16. Be3 Qxb2 17. Qa8+ Kd7 18. Ba4+ c6 19. Bxc6+ bxc6 20.
Qa7+ Ke8 21. O-O Rg7 22. Rab1 Qxc2 23. Rb7 Rdd7 24. Rc1 Qxd3 25. Qa8+ Rd8 26.
Rb8 Rgd7 27. Bg5 Be7 28. Bxe7 Kxe7 29. Rxd8 Rxd8 30. Qb7+ Ke8 31. Qxc6+ Ke7 32.
Qc5+ Kf6 33. a4 Ne7 34. g3 Rc8 35. Rc3 Qd1+ 36. Kg2 Rxc5 37. Rxc5 Qxa4 0-1

[Event "aut_ychg12_2008"]
[Site "Wien - JGH Brigittenau"]
[Date "2008.05.11"]
[Round "3.6"]
[White "Strafinger, Elisabeth"]
[Black "Krassnitzer, Maria"]
[Result "0-1"]
[WhiteElo "1418"]
[BlackElo "1371"]
[PlyCount "114"]
[EventDate "2008.05.10"]

1. e4 e5 2. Nf3 Nf6 3. Nc3 Nc6 4. Bb5 d6 5. h3 Bd7 6. d3 Be7 7. O-O O-O 8. Nd2
Nd4 9. Bxd7 Nxd7 10. Nb3 Nxb3 11. axb3 f5 12. f3 fxe4 13. fxe4 Bg5 14. Rxf8+
Nxf8 15. Bxg5 Qxg5 16. Nb5 Ne6 17. Rb1 Nf4 18. Qg4 Qe7 19. Nc3 Rf8 20. Rf1 c6
21. Ne2 Qf6 22. g3 Nxe2+ 23. Qxe2 Qg5 24. Rxf8+ Kxf8 25. Qf2+ Kg8 26. Kg2 a6
27. Qf5 Qd2+ 28. Qf2 Qxf2+ 29. Kxf2 Kf7 30. Ke3 b5 31. c4 Ke6 32. d4 g5 33. Kd3
exd4 34. Kxd4 c5+ 35. Kd3 Ke5 36. Ke3 h6 37. Kd3 h5 38. Ke3 h4 39. g4 b4 40.
Kd3 Kf4 41. Kd2 Kxe4 42. Ke2 d5 43. cxd5 Kxd5 44. Kd3 a5 45. Ke3 c4 46. bxc4+
Kxc4 47. Ke4 Kb3 48. Kf5 Kxb2 49. Kxg5 a4 50. Kxh4 a3 51. g5 a2 52. g6 a1=Q 53.
g7 Qe1+ 54. Kh5 Qe7 55. Kh6 Qe3+ 56. Kh7 Qxh3+ 57. Kg8 Kc2 0-1

[Event "aut_ychg12_2008"]
[Site "Wien - JGH Brigittenau"]
[Date "2008.05.11"]
[Round "3.7"]
[White "Sprinzl, Annika"]
[Black "Roeck, Vanessa"]
[Result "1-0"]
[WhiteElo "1200"]
[BlackElo "1511"]
[PlyCount "25"]
[EventDate "2008.05.10"]

1. e4 e5 2. Nf3 Nc6 3. Bb5 a6 4. Ba4 Nf6 5. O-O Bc5 6. d4 exd4 7. Nxd4 Nxd4 8.
Be3 b5 9. Bb3 Nxb3 10. cxb3 Bxe3 11. fxe3 Nxe4 12. Qd5 c6 13. Qxf7# 1-0

[Event "aut_ychg12_2008"]
[Site "Wien - JGH Brigittenau"]
[Date "2008.05.11"]
[Round "4.1"]
[White "Zoehrer, Sarah"]
[Black "Schnegg, Anna-Lena"]
[Result "0-1"]
[WhiteElo "1487"]
[BlackElo "1561"]
[PlyCount "62"]
[EventDate "2008.05.10"]

1. e4 c5 2. Nf3 g6 3. d4 cxd4 4. Nxd4 Bg7 5. Bc4 Nc6 6. Nxc6 bxc6 7. c3 d6 8.
Na3 Nf6 9. f3 O-O 10. Nc2 Qb6 11. Qd4 Qc7 12. Be3 Bd7 13. Qd2 Rab8 14. Rb1 Qa5
15. a3 Nxe4 16. Qc1 Nxc3 17. Bxf7+ Rxf7 18. bxc3 Qxc3+ 19. Bd2 Rxb1 20. Qxb1
Qb2 21. O-O Qxb1 22. Rxb1 e6 23. Rb7 Be8 24. Rb8 Kf8 25. Nb4 c5 26. Na6 h6 27.
Ba5 Re7 28. Bc7 Rd7 29. Ra8 c4 30. Rxa7 Bd4+ 31. Kf1 Bxa7 0-1

[Event "aut_ychg12_2008"]
[Site "Wien - JGH Brigittenau"]
[Date "2008.05.11"]
[Round "4.2"]
[White "Toldo, Theresa"]
[Black "Hiebler, Laura"]
[Result "0-1"]
[WhiteElo "1422"]
[BlackElo "1545"]
[PlyCount "100"]
[EventDate "2008.05.10"]

1. e4 e5 2. Nf3 Nc6 3. Bc4 Bc5 4. Nc3 Nf6 5. d3 d6 6. Bg5 Be6 7. Nd5 a6 8. c3
Bxd5 9. exd5 Na5 10. Bb3 Qe7 11. Bc2 h6 12. Be3 Bxe3 13. fxe3 Nxd5 14. Qd2 Nc6
15. O-O-O O-O-O 16. Rhe1 Nb6 17. d4 Rhe8 18. d5 Na7 19. e4 Qd7 20. Kb1 Nc4 21.
Qf2 Kb8 22. Bd3 Nb6 23. c4 Na4 24. Bc2 Nc5 25. Nh4 Qe7 26. Nf5 Qf6 27. Rf1 Rf8
28. Rde1 c6 29. Ne3 Qxf2 30. Rxf2 f6 31. Nf5 Rd7 32. b4 g6 33. Ne3 Nxe4 34.
Bxe4 f5 35. Bc2 Rdf7 36. Ref1 f4 37. Nd1 g5 38. Bg6 Rf6 39. Bh5 cxd5 40. cxd5
Nb5 41. Be2 e4 42. Bxb5 axb5 43. a3 g4 44. Ka1 h5 45. Nc3 e3 46. Re2 f3 47.
gxf3 Rxf3 48. Rxf3 gxf3 49. Rxe3 f2 50. Nxb5 f1=Q+ 0-1

[Event "aut_ychg12_2008"]
[Site "Wien - JGH Brigittenau"]
[Date "2008.05.11"]
[Round "4.3"]
[White "Krassnitzer, Maria"]
[Black "Kogler, Alexandra"]
[Result "1-0"]
[WhiteElo "1371"]
[BlackElo "1494"]
[PlyCount "79"]
[EventDate "2008.05.10"]

1. e4 e5 2. Nf3 Nc6 3. Nc3 Bc5 4. Nxe5 Bxf2+ 5. Kxf2 Nxe5 6. d4 Ng6 7. Bc4 d6
8. Rf1 Nf6 9. Kg1 O-O 10. Be3 h6 11. Qf3 Re8 12. Bxh6 Rf8 13. Bg5 Bg4 14. Qf2
Bd7 15. Rae1 Ng4 16. Qd2 Qe8 17. h3 Nf6 18. Bxf6 gxf6 19. Rxf6 Kg7 20. Ref1 Be6
21. Nd5 Rc8 22. Qg5 c6 23. Ne3 Bxc4 24. Nxc4 Rd8 25. Nxd6 Qd7 26. Nf5+ Kg8 27.
Nh6+ Kg7 28. Nf5+ Kg8 29. Qh6 Qxd4+ 30. Nxd4 Rxd4 31. Rxf7 Rxf7 32. Qxg6+ Rg7
33. Qe6+ Kh7 34. Rf7 Rd1+ 35. Kh2 Rd2 36. Rxg7+ Kxg7 37. Qg4+ Kh7 38. Qh5+ Kg7
39. Qg5+ Kf7 40. Qxd2 1-0

[Event "aut_ychg12_2008"]
[Site "Wien - JGH Brigittenau"]
[Date "2008.05.11"]
[Round "4.4"]
[White "Trenkwalder, Verena"]
[Black "Berger, Lisa"]
[Result "1/2-1/2"]
[WhiteElo "1437"]
[BlackElo "1467"]
[PlyCount "133"]
[EventDate "2008.05.10"]

1. e4 e5 2. Nf3 d6 3. Bb5+ c6 4. Ba4 Nf6 5. O-O Nxe4 6. d4 Nd7 7. Re1 Nef6 8.
dxe5 dxe5 9. Nxe5 Be7 10. Bf4 O-O 11. Nd2 Re8 12. Ndf3 Nxe5 13. Nxe5 Nd7 14. c3
Nxe5 15. Bxe5 Qxd1 16. Raxd1 Be6 17. a3 b5 18. Bc2 a5 19. Bd6 Bxd6 20. Rxd6 c5
21. h3 g6 22. Be4 Rad8 23. Ra6 Bf5 24. f3 Rd2 25. b4 axb4 26. axb4 cxb4 27.
cxb4 Rd4 28. Rb1 Bxe4 29. fxe4 Rexe4 30. Rb6 Rxb4 31. Rxb4 Rxb4 32. Kh2 Rb3 33.
g4 f5 34. Rb7 f4 35. Kg2 f3+ 36. Kf2 b4 37. g5 Rb1 38. Kxf3 b3 39. Ke3 Kh8 40.
Kd3 Kg8 41. Kc3 Kf8 42. Rxh7 Kg8 43. Rb7 Kf8 44. h4 Rh1 45. Rh7 Kg8 46. Rb7
Rxh4 47. Kxb3 Rg4 48. Rb5 Kf7 49. Kc3 Ke6 50. Kd3 Rf4 51. Ke3 Rf5 52. Rxf5 Kxf5
53. Kf3 Kxg5 54. Kg3 Kf5 55. Kf3 g5 56. Kg3 g4 57. Kg2 Kf4 58. Kf2 Kg5 59. Kg3
Kh5 60. Kg2 Kh4 61. Kh2 g3+ 62. Kg2 Kg4 63. Kg1 Kf4 64. Kg2 Kg4 65. Kg1 Kf4 66.
Kg2 Ke3 67. Kxg3 1/2-1/2

[Event "aut_ychg12_2008"]
[Site "Wien - JGH Brigittenau"]
[Date "2008.05.11"]
[Round "4.5"]
[White "Strafinger, Elisabeth"]
[Black "Hoelzl, Sarah"]
[Result "0-1"]
[WhiteElo "1418"]
[BlackElo "1397"]
[PlyCount "94"]
[EventDate "2008.05.10"]

1. e4 c5 2. c3 Nc6 3. d4 e6 4. Be3 d5 5. Nd2 cxd4 6. cxd4 Bb4 7. exd5 exd5 8.
Qe2 Qe7 9. Bf4 Nxd4 10. Qxe7+ Nxe7 11. Bd3 Bf5 12. Bxf5 Nexf5 13. Rc1 O-O 14.
Kd1 Rac8 15. Rxc8 Rxc8 16. Ngf3 Bxd2 17. Bxd2 Nxf3 18. gxf3 Nd4 19. f4 Re8 20.
Rg1 Nf3 21. Rg2 d4 22. h3 Re4 23. Rg3 Nxd2 24. Kxd2 Rxf4 25. Rb3 b6 26. Ra3 a5
27. Rb3 Rf6 28. f3 Kf8 29. Rb5 Rd6 30. Kd3 Ke7 31. Re5+ Kf6 32. Re4 Re6 33.
Rxd4 Kf5 34. Rd7 Rf6 35. Ke3 Kg5 36. Rd4 h5 37. h4+ Kh6 38. Rf4 Rxf4 39. Kxf4
f6 40. Ke4 g5 41. f4 gxh4 42. Kf3 Kg6 43. Kg2 Kf5 44. Kh3 Kxf4 45. Kxh4 f5 46.
Kxh5 Kg3 47. Kg5 f4 0-1

[Event "aut_ychg12_2008"]
[Site "Wien - JGH Brigittenau"]
[Date "2008.05.11"]
[Round "4.6"]
[White "Dalnodar, Martina"]
[Black "Auer, Christine"]
[Result "0-1"]
[WhiteElo "1402"]
[BlackElo "1212"]
[PlyCount "62"]
[EventDate "2008.05.10"]

1. d4 d5 2. Nf3 Nf6 3. Bf4 Nc6 4. e3 Bf5 5. c4 e6 6. Nc3 Bd6 7. Ne5 O-O 8. Nxc6
bxc6 9. Be2 Rb8 10. Rb1 Bxb1 11. Qxb1 Re8 12. O-O Re7 13. Bg5 Re8 14. Bd3 g6
15. Bxf6 Qxf6 16. c5 Be7 17. e4 Qg5 18. exd5 exd5 19. Re1 Qf4 20. Ne2 Qg4 21.
f3 Qh4 22. Qc1 Bg5 23. Qd1 Rxb2 24. a3 Be3+ 25. Kh1 Qg5 26. Ng3 Re7 27. Re2 Rd2
28. Qe1 Rxe2 29. Qxe2 Bxd4 30. Qf1 Qe3 31. Qg1 Qxg1# 0-1

[Event "aut_ychg12_2008"]
[Site "Wien - JGH Brigittenau"]
[Date "2008.05.11"]
[Round "4.7"]
[White "Weyringer, Laura"]
[Black "Sprinzl, Annika"]
[Result "1-0"]
[WhiteElo "1373"]
[BlackElo "1200"]
[PlyCount "73"]
[EventDate "2008.05.10"]

1. e4 e5 2. Nf3 Nc6 3. Bc4 Nf6 4. Ng5 Qe7 5. Nxf7 Rg8 6. Ng5 Rh8 7. Bf7+ Kd8 8.
Nc3 d6 9. Bc4 Ke8 10. O-O h6 11. Nf3 Bg4 12. Be2 a6 13. Nd5 Qf7 14. c3 Nxe4 15.
Ne3 Rd8 16. Nxg4 Ng5 17. d4 exd4 18. cxd4 d5 19. Nxg5 hxg5 20. Bxg5 Be7 21.
Bxe7 Kxe7 22. Re1 Rdf8 23. Bb5+ Kd8 24. Bxc6 bxc6 25. Qb3 Qf5 26. Qb8+ Kd7 27.
Ne5+ Kd6 28. Qb4+ Ke6 29. Ng4+ Kd7 30. h3 Qf4 31. Re7+ Kc8 32. Rae1 c5 33. Qxc5
Rh5 34. R1e5 Rxe5 35. dxe5 c6 36. Qxc6+ Kb8 37. Qb7# 1-0